Normal view
MARC view
- اصدارات بميك؛ الاشراف العلمي عبدالرحمن توفيق
Entry Personal Name
001 - CONTROL NUMBER
- control field: 44427
003 - CONTROL NUMBER IDENTIFIER
- control field: JO-AjAnu
005 - DATE AND TIME OF LATEST TRANSACTION
- control field: 20230606081345.0
008 - FIXED-LENGTH DATA ELEMENTS
- fixed length control field: 230606|| aca||aabn | a|a d
040 ## - CATALOGING SOURCE
- Original cataloging agency: JO-AjAnu
- Transcribing agency: JO-AjAnu
100 ## - HEADING--PERSONAL NAME
- Personal name: اصدارات بميك؛ الاشراف العلمي عبدالرحمن توفيق
670 ## - SOURCE DATA FOUND
- Source citation: Work cat.: (JO-AjAnu)22751: اصدارات بميك؛ الاشراف العلمي عبدالرحمن توفيق, author, الجودة الشاملة:الدليل المتكامل للمفاهيم والادوات